| 000 | 007470000a22002770004500 | ||
|---|---|---|---|
| 008 | 160303b xxu||||| |||| 00| 0 eng d | ||
| 020 | _a81-85015-37-6 | ||
| 041 | _aEng | ||
| 082 |
_a517.8 _bC769f |
||
| 100 | _aConway, John B. | ||
| 245 | _aFunctions of one complex variables | ||
| 250 | _a2nd edn. | ||
| 260 |
_aNew Delhi _bNarosa Publishing House, India |
||
| 260 | _c1980 | ||
| 300 |
_axiii, 316p. _billus. |
||
| 500 | _aBibliography: p. 311-312 | ||
| 650 | _aFunctions of complex veriables | ||
| 650 | _aCalculus | ||
| 650 | _aMathematics | ||
| 650 | _aFunctional analysis | ||
| 650 | _aPredicated calculus | ||
| 650 |
_aNumbering systems _97618 |
||
| 650 | _aTopology | ||
| 650 | _aComplex variables | ||
| 942 |
_cGEN _2ddc |
||
| 999 |
_c23748 _d23748 |
||